000 00471nam a2200193 a 4500
001 1758452259844
003 ACL
005 20250921163104.0
008 250921s2003##################000#0#eng##
020 _a9781580421171
082 0 4 _a795.27
_bCAR
100 1 _aCardoza, Avery,
_eauthor.
245 1 0 _aSecrets of Winning Slots :
260 _bCardoza,
_c2003.
300 _a170 pages
650 0 _aGames & Activities.
942 _cENGLISH
040 _aACL
_beng
_cACL
999 _c588604
_d588604